| 000 | 00517nam a2200193Ia 4500 | ||
|---|---|---|---|
| 005 | 20260429112140.0 | ||
| 008 | 260429s9999||||xx |||||||||||||| ||und|| | ||
| 020 | _a9781394280018 | ||
| 041 | _aEnglish | ||
| 082 |
_a581.3 _bCHE |
||
| 100 | _aChen, Jen-Tsung | ||
| 245 | 0 |
_aGenome and epigenome editing for stress-tolerant crops / _cJen-Tsung Chen |
|
| 250 | _a1st ed. | ||
| 260 |
_aUSA : _bWiley, _c2025. |
||
| 300 | _axxiv, 340 p.; hb | ||
| 650 | _a Plants-effects | ||
| 650 | _aPlant genetics | ||
| 942 | _cTB | ||
| 999 |
_c52600 _d52600 |
||